| 000 | 01533nac a22003855a 4500 | ||
|---|---|---|---|
| 003 | EG-ScBUE | ||
| 005 | 20220629122342.0 | ||
| 008 | 100530t2006 maua f b 001 0 eng d | ||
| 020 | _a9780618230204 (v. 1) | ||
| 020 | _a0618230203 (v. 1) | ||
| 020 | _a9780618230211 (v. 2) | ||
| 020 | _a0618230211 (v. 2) | ||
| 020 | _a9780618230228 (v. 3) | ||
| 020 | _a061823022X (v. 3) | ||
| 020 | _a9780618230235 (v. 4) | ||
| 020 | _a0618230238 (v. 4) | ||
| 040 |
_aEG-ScBUE _beng _erda _cEG-ScBUE _dEG-ScBUE |
||
| 082 | 0 | 4 |
_a428.4 _bCOL _222 |
| 245 | 0 | 0 |
_aCollege reading : _bEnglish for academic success / _cLinda Robinson Fellag, Community College of Philadelphia [and four others] |
| 264 | 1 |
_aBoston, MA : _bHeinle, Cengage Learning, _c[2006] |
|
| 264 | 4 | _cc2006 | |
| 300 |
_a4 volumes : _billustrations ; _c24 cm |
||
| 336 |
_2rdacontent _atext _btxt |
||
| 337 |
_2rdamedia _aunmediated _bn |
||
| 338 |
_2rdacarrier _avolume _bnc |
||
| 504 | _aIncludes bibliographical references and index. | ||
| 505 | 0 | _aVolume 1. Low intermediate / Cheryl Benz with Myra M. Medina -- Volume 2. Intermediate / Linda Robinson Fellag -- Volume 3. High intermediate / John D. Avery, Linda Robinson Fellag -- Volume 4. Advanced / Cheryl Benz, Cynthia M. Schuemann. | |
| 650 | 7 |
_aReading (Higher education) _2BUEsh _914348 |
|
| 650 | 7 |
_aReading _vProblems, exercises, etc. _2BUEsh _914496 |
|
| 651 | _2BUEsh | ||
| 653 |
_bHHUUEENN _cJanuary2017 |
||
| 655 |
_vReading book _934232 |
||
| 700 | 1 |
_aFellag, Linda Robinson, _eauthor. |
|
| 942 |
_2ddc _cBB |
||
| 999 |
_c2605 _d2605 |
||